| 000 | 00511nam a2200205Ia 4500 | ||
|---|---|---|---|
| 005 | 20250425161050.0 | ||
| 008 | 250425s9999 xx 000 0 und d | ||
| 020 | _a8422104121 | ||
| 041 | _aeng | ||
| 082 | _a651.75 | ||
| 110 | _aCANTABRICA | ||
| 245 | 0 | _aENCYCLOPEDIA OF BUSINESS LETTERS IN FOUR LANGUAGUES : MULTILENGUA 1 | |
| 250 | _a1A ED. | ||
| 260 | _aBILBAO | ||
| 260 |
_aEspaƱa _bCANTABRICA _c1975 |
||
| 300 | _a324 | ||
| 650 | _aCORRESPONDENCIA COMERCIAL | ||
| 942 | _c01 | ||
| 010 | _a11751 | ||
| 999 |
_c201745 _d201745 |
||